Veľa produktov komplikuje predaj
Autor prezentuje príspevok Gyöga Szilágyiho, ktorý tento predniesol na seminári Obchod Connection, Category management II /Bratislava, 7. 6. 2005/. Riadenie sortimentu v maloobchodných prevádzkach. Hlavné organizačné problémy, ktoré delia reťazce od optimalizácie sortimentu. Význam category manageme...
Salvato in:
| Autore principale: | |
|---|---|
| Natura: | Capitolo di libro |
| Lingua: | slovacco |
| Soggetti: | |
| Tags: |
Nessun Tag, puoi essere il primo ad aggiungerne!!
|
MARC
| LEADER | 00000naa$a2200000$$$4500 | ||
|---|---|---|---|
| 001 | 0032385 | ||
| 005 | 20231107130035.7 | ||
| 041 | 0 | |a slo | |
| 044 | |a SK | ||
| 245 | 1 | 0 | |a Veľa produktov komplikuje predaj |c Jozef Brezovský |
| 520 | |a Autor prezentuje príspevok Gyöga Szilágyiho, ktorý tento predniesol na seminári Obchod Connection, Category management II /Bratislava, 7. 6. 2005/. Riadenie sortimentu v maloobchodných prevádzkach. Hlavné organizačné problémy, ktoré delia reťazce od optimalizácie sortimentu. Význam category managementu. Analýza produktivity sortimentu. Proces optimalizácie sortimentu. | ||
| 610 | 2 | 0 | |a maloobchod |
| 610 | 2 | 0 | |a reťazce obchodné |
| 610 | 2 | 0 | |a manažment sortimentný |
| 610 | 2 | 0 | |a optimalizácia |
| 610 | 2 | 0 | |a sortiment obchodný |
| 610 | 2 | 0 | |a sortiment tovaru |
| 100 | 1 | |a Brezovský, Jozef | |